00341nam a2200121Ia 4500008004100000041000800041082001700049100002000066245004500086260005200131300002900183365000700212240624s9999 xx 000 0 und d aeng a658.4012 SIC aSICILIANO JULIE aSTRATEGIZE EXPERIENTIAL EXCERCISES IN ST c2002aAustraliabSouth Western Thomson Learning ax, : 182 : p. : cm. ; 27 b30